000 00850nam a22002537a 4500
001 9647
003 FISKH
005 20260127154712.0
008 260127b cb ||||| |||| 00| 0 eng d
020 _a9781399633802
040 _aFISKH
_beng
_cFISKH
_dFISKH
050 _aPZ7.1 .G368 .L
082 _a 813.6
100 _aGarber, Stephanie
245 _aLegendary /
_cStephanie Garber
250 _aThis edition published in 2025
260 _aLondon :
_bAn Hachette,
_c2018
300 _a423 pages :
_c20 cm
490 _aCaraval :
_vBook two
520 _aHaving made a deal with a criminal to save her sister Scarlett from a disastrous arranged marriage, Tella must win Caraval and uncover Legend's identity, or risk losing everything, including her life.
650 _aFantasy
_vYoung Adult
942 _2ddc
_cBK
_n0
999 _c9647
_d9647